000 00769nam a2200217Ia 4500
005 20241129111241.0
008 241129s9999||||xx |||||||||||||| ||und||
020 _a978-93-80210-5-68
037 _aTB
040 _aCRL
_bpun
_cCRL
041 _apun
_2pun
084 _aY73(P153):351 153R1
_qCRL
100 _aਬਰਾੜ, ਕਰਨਲ ਜਗਦੀਸ਼ ਸਿੰਘ, ਚ।
_9624366
245 0 _aਮੇਰਾ ਪਿੰਡ ਖੋਟੇ
_cਬਰਾੜ, ਕਰਨਲ ਜਗਦੀF ਸਿੰਘ, ਚ।
260 _aਲੁਧਿਆਨਾ, ਭਾਰਤ
_bਗੋਰਕੀ ਪ੍ਰਕਾਸ਼ਨ
_c2021
300 _a343ਪ੍ਰ0
365 _aINR
_b450
650 _aSociology
942 _cTB
_hY73(P153):351 153R1
999 _c1229581
_d1229581